Chefs d'etats d'Amérique du Nord - Statistiques

Statistiques générales
  • Ce quiz a été pris 5 fois
  • Le résultat moyen est 3 sur 23
Statistiques - réponses
Pays Indice Réponse % Correct
États-Unis Président Joe Biden
100%
Cuba Président de la République Miguel Díaz-Canel
75%
Mexique Président Andrés Manuel López Obrador
50%
Nicaragua Président de la République Daniel Ortega
25%
Sainte-Lucie Gouverneur général Errol Charles
25%
Honduras Présidente de la République Xiamara Castro
25%
Guatemala Président de la République Alejandro Giammattei
0%
Haïti Président de la République Ariel Henry
0%
Grenade Gouverneure général Cecile La Grenade
0%
Dominique Président Charles Savarin
0%
Trinité-et-Tabago Présidente de la République Christine Kangaloo
0%
Bahamas Gouverneur général Cornelius A. Smith
0%
Bélize Gouverneure général Froyla Tzalam
0%
Panama Président de la République Laurentino Cortizo
0%
République Dominicaine Président de la République Luis Abinader
0%
Saint-Christophe-et-Niévès Gouverneure général Marcella Liburd
0%
Canada Gouverneure général Mary Simon
0%
Salvador Président de la République Nayib Bukele
0%
Jamaïque Gouverneur général Patrick Allen
0%
Antigua-et-Barbuda Gouverneur général Rodney Williams
0%
Costa Rica Président de la République Rodrigo Chaves Robles
0%
Barbade Présidente Sandra Mason
0%
Saint-Vincent-et-les-Grenadines Gouverneure général Susan Dougan
0%
Aucun quiz correspondant
Distribution des résultats
% des personnes avec chaque résultat
Percentile par nombre de réponses
Votre historique - résultats
Vous n’avez pas pris ce quiz